00683 2200241 4500001002100000005001500021035002000036007000300056008003900059020001600098082000800114084001400122100001700136245004700153250001400200260003900214300003600253500001100289650004700300650003700347650003700384990002000421INLIS00000000000351020230105102526 a0010-0123000037ta230105 | | |  a979534280-0 a617 a617 STE p0 aSteve Parker1 aPaduan Pemula Otopsi Hewan /cSteve Parker aCet. 1,-- aBandung. :bPT. Pakar Raya,c2006. a40 hlm. :bilus. ;c20 x 28 cm. aIndeks aAlih bahasa, Ir. I Indriyati Wibisono, M.P aPenyunting bahasa, Ir. Rudiyanto aPenyunting perwajahan, B. Waluyo a11336/P/Bl/2016